01238nam a22001457a 4500999001900000008004100019100002600060245011300086260004600199300003200245520065500277773004600932942000700978952010700985 c532524d532524260213b ||||| |||| 00| 0 eng d aMukhia, Anmol 958909 aConnectivity through a small corridor: New integrated check post in Assam to assist India–Bhutan relations aIndian Journal of Public Administration  b71(4), Dec, 2025: p.846-848 aIndian Journal of Public AdministrationAnalysis of democracy in India becomes meaningful when it is seen from an election perspective, as it reflects the degree of trust of the electorate in a particular form of leadership, governance and political philosophy amidst an array of choices in a multiparty representative parliamentary system. Presently, given the debate over Special Intensive Review (SIR) outlined by the Election Commission of India (ECI) for the entire country, it is important to explore the structure and agency involved in this complex overlapping relationship between election and democracy in contemporary India.- Reproduced  aIndian Journal of Public Administration  cAR 00102ddc40709407713aIIPAbIIPAd2026-02-13h71(4), Dec, 2025: p.846-848pAR138111r2026-02-13yAR